[Event "European Rapid 2021"]
[Site "Katowice POL"]
[Date "2021.12.19"]
[Round "11.17"]
[White "Cukrowski, Filip"]
[Black "Demchenko, Anton"]
[Result "1/2-1/2"]
[WhiteTitle "FM"]
[BlackTitle "GM"]
[WhiteElo "2367"]
[BlackElo "2654"]
[WhiteFideId "1171097"]
[BlackFideId "4160258"]
[EventDate "2021.12.18"]

1. d4 Nf6 2. c4 g6 3. Nc3 Bg7 4. e4 d6 5. Nf3 Bg4 6. Be2 Bxf3 7. gxf3 e5 8. dxe5
dxe5 9. Qxd8+ Kxd8 10. f4 Nfd7 11. fxe5 Bxe5 12. Bd2 c6 13. f4 Bd4 14. O-O-O Kc7
15. Bf3 Re8 16. Ne2 Bg7 17. Bb4 Bf8 18. Bc3 Na6 19. Bg4 Rad8 20. e5 Ndc5 21. Kc2
Ne4 22. Bf3 Nxc3 23. bxc3 Nc5 24. h4 Rxd1 25. Rxd1 h5 26. Rg1 Nd7 27. Nd4 Nc5
28. f5 Rxe5 29. fxg6 fxg6 30. Rxg6 Be7 31. Rh6 Bxh4 32. Rxh5 Bg5 33. Bd1 Bf6 34.
Rxe5 Bxe5 35. Bf3 Kb6 36. Bg2 Nd7 37. Ne6 Ka5 38. Kb3 Bf6 39. Be4 Be7 40. Bf5
Kb6 41. Kc2 Ne5 42. Kb3 Nf3 43. Kc2 Bd6 44. Be4 Ne5 45. Kb3 a6 46. Bf5 Be7 47.
Be4 Ng4 48. Kc2 Ka5 49. Nd4 Bf6 50. Nb3+ Kb6 51. Bf3 Ne5 52. Be2 Kc7 53. Nc5 Be7
54. Ne4 Ng6 55. Bg4 Kb6 56. Be6 Nf4 57. Bd7 Kc7 58. Bg4 Ng2 59. Bh3 Ne1+ 60. Kd2
Nf3+ 61. Kc2 Bf8 62. Bg4 Ne5 63. Be6 Kd8 64. Kb3 Bh6 65. Bf5 Be3 66. Bh3 Nd3 67.
Kc2 Nf4 68. Bg4 Kc7 69. Bf5 Bg1 70. Kb3 Ng2 71. Bh3 Ne3 72. Be6 Bh2 73. Bh3 Be5
74. Be6 Kb6 75. Bc8 Ng2 76. Bh3 Nf4 77. Bc8 Ng6 78. Bf5 Ne7 79. Be6 Kc7 80. Bh3
Bh2 81. Bg4 Bg1 82. Be6 Kb6 83. Bh3 Ng6 84. Bf5 Ne5 85. Bc8 Be3 86. Bh3 Kc7 87.
Be6 Nd3 88. Kc2 Ne1+ 89. Kb3 Bh6 90. Bh3 Nd3 91. Kc2 Nc1 92. Kb2 Nd3+ 93. Kc2
Ne5 94. Kb3 Bf8 95. Be6 Be7 96. Bh3 Bf8 97. Be6 Kb6 98. Bc8 Be7 99. Be6 Ka5 100.
c5 Nd3 101. Bc8 b6 102. cxb6 Kxb6 103. Be6 Nf4 104. Bc4 Bf8 105. Kc2 Ng6 106.
Bf1 Ne5 107. Be2 Bg7 108. Bf1 Ng6 109. Be2 Nf4 110. Bc4 a5 111. a4 Ng2 112. Be2
Ne3+ 113. Kb3 Nd5 114. Bc4 Ne3 115. Be2 Kc7 116. Bf3 Nd5 117. Nc5 Bf6 118. Bxd5
cxd5 119. Kc2 Kc6 120. Nb3 Kb6 121. Kd3 Be5 122. c4 dxc4+ 123. Kxc4 Bf6 124.
Nxa5 Kxa5 125. Kd5 Kxa4 1/2-1/2

[Event "European Rapid 2021"]
[Site "Katowice POL"]
[Date "2021.12.19"]
[Round "11.25"]
[White "Wieczorek, Oskar"]
[Black "Woloch, Oskar"]
[Result "1-0"]
[WhiteTitle "GM"]
[WhiteElo "2500"]
[BlackElo "2117"]
[WhiteFideId "1133950"]
[BlackFideId "1192116"]
[EventDate "2021.12.18"]

1. e4 e5 2. Nf3 Nc6 3. Nc3 Nf6 4. a3 d5 5. Bb5 d4 6. Ne2 Bd7 7. Ng3 Bd6 8. O-O
h5 9. d3 g6 10. Bg5 Bg4 11. h3 Bxf3 12. Qxf3 Be7 13. c3 dxc3 14. bxc3 Kf8 15.
Rfd1 h4 16. Ne2 Rh5 17. Be3 Qe8 18. Bc4 Kg7 19. d4 Bd6 20. Rab1 exd4 21. cxd4
Qxe4 22. Qxe4 Nxe4 23. Bd3 Nf6 24. Rxb7 Ra5 25. Nc3 Nd8 26. Rbb1 Rxa3 27. Nb5
Ra4 28. Bc2 Rc4 29. Bd3 Ra4 30. d5 Nxd5 31. Nxd6 cxd6 32. Bd2 Rd4 33. Ba6 Ne6
34. Ba5 Rb8 35. Ra1 Rb3 36. Rxd4 Nxd4 37. Bc4 Nf6 38. Bxb3 Nxb3 39. Ra3 Nc5 40.
Bc3 a6 41. Bd4 Ne6 42. Ba1 Nc5 43. Rf3 Ne4 44. Rf4 d5 45. Rxh4 g5 46. Bxf6+ Kxf6
47. Rh6+ Ke5 48. Rxa6 Kd4 49. g3 Kd3 50. h4 gxh4 51. gxh4 Ke2 52. h5 d4 53. Ra4
Ng5 54. Rxd4 1-0

[Event "European Rapid 2021"]
[Site "Katowice POL"]
[Date "2021.12.19"]
[Round "11.32"]
[White "Walter, Szymon"]
[Black "Seemann, Jakub"]
[Result "0-1"]
[WhiteTitle "FM"]
[BlackTitle "FM"]
[WhiteElo "2286"]
[BlackElo "2312"]
[WhiteFideId "1172590"]
[BlackFideId "21874697"]
[EventDate "2021.12.18"]

1. e4 c5 2. Nc3 d6 3. f4 g6 4. Nf3 Bg7 5. Bb5+ Bd7 6. Bc4 Nc6 7. d3 Nf6 8. O-O
O-O 9. Qe1 Na5 10. Bb3 Nxb3 11. axb3 e6 12. Qh4 Nh5 13. Qh3 f5 14. g4 fxg4 15.
Qxg4 Nxf4 16. Bxf4 e5 17. Qg5 Rxf4 18. Qxd8+ Rxd8 19. Rxa7 Bh3 20. Nd5 Rg4+ 21.
Kf2 Bxf1 22. Kxf1 Rf8 23. Kf2 h5 24. h3 Rg5 25. Ne7+ Kh8 26. Nf5 Bf6 27. Nxd6
Be7 28. Nc4 h4 29. Rxb7 Bd8 30. Rd7 Rg3 31. Nxe5 Kg8 32. Ng4 Rgxf3+ 33. Ke2 Bg5
34. Rd5 Bc1 35. Rxc5 Rxh3 36. Rc7 Rg3 0-1

[Event "European Rapid 2021"]
[Site "Katowice POL"]
[Date "2021.12.19"]
[Round "11.37"]
[White "Kacprzak, Karol"]
[Black "Balacek, Tadeas"]
[Result "1-0"]
[BlackTitle "CM"]
[WhiteElo "2226"]
[BlackElo "2367"]
[WhiteFideId "21819327"]
[BlackFideId "327646"]
[EventDate "2021.12.18"]

1. e4 e6 2. d4 d5 3. Nc3 Nf6 4. Bg5 Bb4 5. e5 h6 6. Bc1 Ne4 7. Qg4 g6 8. Bd3 c5
9. dxc5 h5 10. Qf3 Qa5 11. Bxe4 dxe4 12. Qe3 Bd7 13. Ne2 Bxc5 14. Qf4 Nc6 15.
Bd2 Be7 16. Nxe4 Qxe5 17. Qxe5 Nxe5 18. Bc3 f6 19. Nf4 Bc6 20. f3 Bxe4 21. fxe4
Bd6 22. O-O-O Nf7 23. Nxe6 Ke7 24. Nd4 Bf4+ 25. Kb1 Be5 26. Nb5 Rhd8 27. Bxe5
Nxe5 28. Nc7 Rxd1+ 29. Rxd1 Rc8 30. Nd5+ Ke6 31. Rf1 Nd7 32. Nf4+ Ke5 33. Nxg6+
Kxe4 34. Re1+ Kd4 35. Rd1+ 1-0

[Event "European Rapid 2021"]
[Site "Katowice POL"]
[Date "2021.12.19"]
[Round "11.38"]
[White "Malek, Jan"]
[Black "Wisniewski, Adrian"]
[Result "1-0"]
[BlackTitle "FM"]
[WhiteElo "2149"]
[BlackElo "2351"]
[WhiteFideId "21864080"]
[BlackFideId "1115944"]
[EventDate "2021.12.18"]

1. e4 e6 2. d4 d5 3. Nc3 Bb4 4. exd5 exd5 5. Bd3 Ne7 6. Ne2 Nbc6 7. O-O Bg4 8.
a3 Bxc3 9. bxc3 Qd7 10. Rb1 O-O-O 11. h3 Bh5 12. Qd2 Bg6 13. Nf4 Na5 14. Nxg6
hxg6 15. Qe2 Nf5 16. Rb5 Rhe8 17. Qf3 b6 18. Bg5 c6 19. Rxa5 bxa5 20. Rb1 Kc7
21. c4 Rb8 22. Bf4+ Nd6 23. Rxb8 Kxb8 24. c5 Ka8 25. cxd6 g5 26. Bg3 f6 27. Bf5
Qd8 28. d7 Re1+ 29. Kh2 g6 30. Qc3 1-0

[Event "European Rapid 2021"]
[Site "Katowice POL"]
[Date "2021.12.19"]
[Round "11.60"]
[White "Wisniewski, Michal"]
[Black "Zgadzaj, Rafal"]
[Result "1/2-1/2"]
[WhiteTitle "FM"]
[WhiteElo "2103"]
[BlackElo "2087"]
[WhiteFideId "1159682"]
[BlackFideId "1113712"]
[EventDate "2021.12.18"]

1. Nf3 Nf6 2. c4 e6 3. g3 d5 4. Bg2 Be7 5. O-O O-O 6. b3 c5 7. Bb2 Nc6 8. e3 b6
9. Nc3 Bb7 10. cxd5 Nxd5 11. Nxd5 Qxd5 12. Ne5 Qd6 13. Nc4 Qd7 14. Qg4 g6 15. d4
b5 16. d5 bxc4 17. dxc6 Bxc6 18. Bxc6 Qxc6 19. Qxc4 Rfd8 20. Rac1 Qd5 21. Qxd5
Rxd5 22. Rc2 a5 23. e4 Rd3 24. Rc4 Rd2 25. Rb1 h5 26. h4 Kf8 27. Ra4 Ke8 28. Be5
Kd7 29. Rb2 Rxb2 30. Bxb2 Kc6 31. Bc3 Kb5 32. Kf1 Bd6 33. e5 Bc7 34. Rf4 Rf8 35.
Ke2 Kc6 36. Ra4 Ra8 37. Kd3 Kd5 38. f4 Bb6 39. Be1 Ra7 40. a3 Kc6 41. Kc4 Rd7
42. Bc3 Ra7 43. Be1 Rd7 44. Bc3 Ra7 45. Be1 1/2-1/2